000
00205nam a22000857a 4500
008
161125b xxu||||| |||| 00| 0 eng d
100
_9
1432
_a
Rhodes.G.
245
_a
Real World Math-5-8
260
_a
USA
_b
TCR
_c
2003
999
_c
4153
_d
4153